000
00332 a2200145 4500
001
177771
020
_a
040
_c
Magnum
100
_a
Coelho,ronaldo Simoes
240
1
0
_a
Historias de muitas penas
_l
SEM
245
1
0
_a
Historias de muitas penas
362
0
_a
1899
697
_a
MAGNITO: MAGNITO SEM ÁREA E AS
942
_c
BK
999
_c
177771
_d
177771